Shatpadi sahitya S6 (Record no. 88284)
[ view plain ]
| 000 -LEADER | |
|---|---|
| fixed length control field | 00912nam a2200289Ia 4500 |
| 003 - CONTROL NUMBER IDENTIFIER | |
| control field | OSt |
| 005 - DATE AND TIME OF LATEST TRANSACTION | |
| control field | 20250603104602.0 |
| 008 - FIXED-LENGTH DATA ELEMENTS--GENERAL INFORMATION | |
| fixed length control field | 210210b1975 xxu||||| |||| 00| 0 eng d |
| 040 ## - CATALOGING SOURCE | |
| Transcribing agency | AL |
| 041 ## - LANGUAGE CODE | |
| Language code of text/sound track or separate title | Kannada |
| 082 ## - DEWEY DECIMAL CLASSIFICATION NUMBER | |
| Classification number | K894.9 SAMA |
| 100 ## - MAIN ENTRY--PERSONAL NAME | |
| Personal name | SAMANYANIGE SAHITYA CHARITRE |
| Dates associated with a name | ಸಾಮಾನ್ಯನಿಗೆ ಸಾಹಿತ್ಯ ಚರಿತ್ರೆ |
| 9 (RLIN) | 212473 |
| 245 ## - TITLE STATEMENT | |
| Title | Shatpadi sahitya S6 |
| Remainder of title | ಷಟ್ಪದಿ ಸಾಹಿತ್ಯ ಸಂ: ೬ |
| 260 ## - PUBLICATION, DISTRIBUTION, ETC. | |
| Place of publication, distribution, etc. | Bengaluru |
| Name of publisher, distributor, etc. | Vishvavidyanilaya |
| Date of publication, distribution, etc. | 1975 |
| 300 ## - PHYSICAL DESCRIPTION | |
| Extent | viii,264 |
| 440 ## - SERIES STATEMENT/ADDED ENTRY--TITLE | |
| Title | 6 |
| 9 (RLIN) | 212474 |
| 650 ## - SUBJECT ADDED ENTRY--TOPICAL TERM | |
| Topical term or geographic name entry element | Shatpadi |
| 9 (RLIN) | 212475 |
| 650 ## - SUBJECT ADDED ENTRY--TOPICAL TERM | |
| Topical term or geographic name entry element | sahitya |
| 9 (RLIN) | 212476 |
| 650 ## - SUBJECT ADDED ENTRY--TOPICAL TERM | |
| Topical term or geographic name entry element | S6 |
| 9 (RLIN) | 212477 |
| 650 ## - SUBJECT ADDED ENTRY--TOPICAL TERM | |
| Topical term or geographic name entry element | Marulasiddappa |
| 9 (RLIN) | 212478 |
| 650 ## - SUBJECT ADDED ENTRY--TOPICAL TERM | |
| Topical term or geographic name entry element | Ke |
| 9 (RLIN) | 212479 |
| 650 ## - SUBJECT ADDED ENTRY--TOPICAL TERM | |
| Topical term or geographic name entry element | by |
| 9 (RLIN) | 212480 |
| 690 ## - LOCAL SUBJECT ADDED ENTRY--TOPICAL TERM (OCLC, RLIN) | |
| Topical term or geographic name as entry element | Kannada Criticism |
| 9 (RLIN) | 212481 |
| 700 ## - ADDED ENTRY--PERSONAL NAME | |
| Personal name | K Marulasiddappa |
| Dates associated with a name | ಕೆ ಮರುಳಸಿದ್ದಪ್ಪ |
| 9 (RLIN) | 212482 |
| 906 ## - LOCAL DATA ELEMENT F, LDF (RLIN) | |
| a | 038208 |
| 942 ## - ADDED ENTRY ELEMENTS (KOHA) | |
| Source of classification or shelving scheme | Dewey Decimal Classification |
| Koha item type | Book |
| Withdrawn status | Lost status | Source of classification or shelving scheme | Damaged status | Not for loan | Collection code | Home library | Current library | Shelving location | Date acquired | Cost, normal purchase price | Total Checkouts | Full call number | Barcode | Date last seen | Price effective from | Koha item type |
|---|---|---|---|---|---|---|---|---|---|---|---|---|---|---|---|---|
| Dewey Decimal Classification | Kannada | St Aloysius Library | St Aloysius Library | 02/17/2021 | 4.00 | K894.9 SAMA | 038208 | 02/17/2021 | 02/17/2021 | Book | ||||||
| Dewey Decimal Classification | Kannada | St Aloysius Library | St Aloysius Library | 02/17/2021 | 4.00 | K894.9 SAMA | SG02994 | 02/17/2021 | 02/17/2021 | Special Grants |